[Event "Summer Prague Open 2020 - B"]
[Site "Olympik hotel, Sokolovska 138,"]
[Date "2020.08.08"]
[Round "1"]
[White "Spanton, Tim R"]
[Black "Dudova, Pavlina"]
[Result "1-0"]
[WhiteElo "1831"]
[BlackElo "1496"]
[PlyCount "39"]
[EventDate "2020.08.08"]

1. c4 e5 2. Nc3 Nf6 3. Nf3 Nc6 4. e4 Bc5 5. Nxe5 Nxe5 6. d4 Bd6 7. c5 Bxc5 8.
dxe5 Ng8 9. Bc4 Ne7 10. Qg4 Ng6 11. Qg3 O-O 12. h4 d6 13. h5 Nxe5 14. h6 g6 15.
Bg5 Qd7 16. Nd5 Ng4 17. Qxg4 Bb4+ 18. Kf1 Qxg4 19. Ne7+ Kh8 20. Bf6# 1-0

[Event "Summer Prague Open 2020 - B"]
[Site "Olympik hotel, Sokolovska 138,"]
[Date "2020.08.08"]
[Round "1"]
[White "Olsen, Geir"]
[Black "Vargas Drechsler, Carlos"]
[Result "0-1"]
[WhiteElo "1496"]
[BlackElo "1829"]
[PlyCount "126"]
[EventDate "2020.08.08"]

1. d4 f5 2. Bg5 h6 3. Bh4 g5 4. e3 Nf6 5. Bg3 Bg7 6. Nc3 d6 7. h4 Nc6 8. hxg5
hxg5 9. Rxh8+ Bxh8 10. Nh3 g4 11. Nf4 Bg7 12. Bh4 Kf7 13. Bc4+ e6 14. e4 Qh8
15. g3 fxe4 16. Nb5 d5 17. Nxc7 dxc4 18. Nxa8 e5 19. dxe5 Nxe5 20. Ng2 Nf3+ 21.
Kf1 c3 22. bxc3 Be6 23. Ne3 Qxa8 24. Qd6 Qc8 25. Qb4 b6 26. Kg2 Nd5 27. Nxd5
Bxd5 28. Qe7+ Kg8 29. Bf6 Bf8 30. Qd8 Qxd8 31. Bxd8 Bg7 32. Rd1 Be6 33. Rd6 Kf7
34. Rc6 Be5 35. c4 Ne1+ 36. Kf1 Nxc2 37. c5 Nd4 38. Rxe6 Kxe6 39. cxb6 axb6 40.
Bxb6 Kd5 41. a4 Nc6 42. a5 Bd4 43. Ke2 Be5 44. Ke3 Bb8 45. Kd2 Ne5 46. Ke2 Nc4
47. Bd8 Ba7 48. Bc7 Kc6 49. Bf4 Nxa5 50. Bh6 Kd5 51. Bf4 Nc4 52. Bc1 Ne5 53.
Bh6 Nd3 54. Bg5 Bxf2 55. Bh6 Bxg3 56. Be3 Ke5 57. Bb6 Kf5 58. Ba7 Kg5 59. Bb6
Kh4 60. Bd8+ Kh3 61. Ke3 Bf2+ 62. Kxe4 g3 63. Kf3 g2 0-1

[Event "Summer Prague Open 2020 - A"]
[Site "Olympik hotel, Sokolovska 138, Praha"]
[Date "2020.08.09"]
[Round "2"]
[Board "1"]
[White "Wiley, Tom E"]
[Black "Christiansen, Johan-Sebastian"]
[Result "0-1"]
[WhiteElo "2150"]
[BlackElo "2616"]
[PlyCount "110"]
[EventDate "2020.08.08"]
[EventRounds "9"]
[EventCountry "CZE"]

1. Nf3 d5 2. d4 Nf6 3. c4 e6 4. Nc3 dxc4 5. e3 a6 6. a4 b6 7. Bxc4 Bb7 8. O-O
Bb4 9. Qe2 O-O 10. Rd1 Qe7 11. Ne5 Bd6 12. Bb3 c5 13. Nc4 Bc7 14. dxc5 Qxc5 15.
e4 b5 16. axb5 axb5 17. Rxa8 Bxa8 18. Nd2 Bc6 19. Bc2 Qe5 20. Nf3 Qh5 21. h3 b4
22. Nb1 b3 23. Bd3 Nbd7 24. Nc3 Rb8 25. Bd2 Ba8 26. Be1 Ne5 27. Bb1 Nxf3+ 28.
Qxf3 Qxf3 29. gxf3 Be5 30. Bd3 g5 31. Bc4 Bc6 32. Ra1 Rb4 33. Bf1 Rb7 34. Ra3
Nh5 35. Bc4 Rb4 36. Bf1 Rb8 37. Bc4 Nf4 38. h4 gxh4 39. Rxb3 Rxb3 40. Bxb3 Nd3
41. Bd2 Nxb2 42. Ne2 Bb5 43. Bc3 Bxe2 44. Bxe5 Nd3 45. Bf6 Bxf3 46. Bc2 Ne1 47.
Bb1 Be2 48. Bc3 Nf3+ 49. Kg2 e5 50. Bc2 Kg7 51. Ba4 f6 52. Bd7 Ng5 53. f4 Nxe4
54. Be1 Nc5 55. Bc8 Nd3  0-1

[Event "Summer Prague Open 2020 - A"]
[Site "Olympik hotel, Sokolovska 138, Praha"]
[Date "2020.08.09"]
[Round "2"]
[Board "2"]
[White "Plat, Vojtech"]
[Black "Soubirou, Oriane"]
[Result "1-0"]
[WhiteElo "2566"]
[BlackElo "2144"]
[PlyCount "47"]
[EventDate "2020.08.08"]
[EventRounds "9"]
[EventCountry "CZE"]

1. d4 Nf6 2. c4 e6 3. Nc3 Bb4 4. Qc2 O-O 5. Nf3 d5 6. e3 a6 7. Bd2 dxc4 8. Bxc4
b5 9. Bd3 Bb7 10. e4 h6 11. a3 Be7 12. O-O Nbd7 13. b4 Nb6 14. Rfe1 Nfd7 15.
Rad1 Qc8 16. Qc1 Re8 17. e5 Bf8 18. Ne4 Bd5 19. g4 Nc4 20. g5 Nxd2 21. Qxd2
hxg5 22. Nfxg5 Qd8 23. Qf4 f6 24. Qh4  1-0

[Event "Summer Prague Open 2020 - A"]
[Site "Olympik hotel, Sokolovska 138, Praha"]
[Date "2020.08.09"]
[Round "2"]
[Board "3"]
[White "Schmit, Vincent"]
[Black "Petr, Martin"]
[Result "0-1"]
[WhiteElo "2150"]
[BlackElo "2464"]
[PlyCount "74"]
[EventDate "2020.08.08"]
[EventRounds "9"]
[EventCountry "CZE"]

1. e4 e6 2. d4 d5 3. exd5 exd5 4. Bd3 Nc6 5. c3 Bd6 6. Qf3 Be6 7. Bf4 Bxf4 8.
Qxf4 Nge7 9. Ne2 Qd7 10. Ng3 O-O-O 11. Nd2 Ng6 12. Bxg6 hxg6 13. O-O-O Qd6 14.
Qxd6 Rxd6 15. h3 Bf5 16. Nf3 f6 17. Rde1 a5 18. Re3 Bd7 19. Ne1 g5 20. Nf3 Kd8
21. h4 g4 22. Ne1 f5 23. Nd3 Rdh6 24. Nf4 g5 25. hxg5 Rxh1+ 26. Nxh1 Rxh1+ 27.
Kd2 Rh8 28. Nxd5 Rg8 29. Nf4 Rxg5 30. d5 Ne7 31. Kd3 Ng6 32. g3 Nxf4+ 33. gxf4
Rh5 34. Re1 Rh3+ 35. Kd4 Rf3 36. Ke5 Rxf2 37. Rh1 Re2+  0-1

[Event "Summer Prague Open 2020 - A"]
[Site "Olympik hotel, Sokolovska 138, Praha"]
[Date "2020.08.09"]
[Round "2"]
[Board "4"]
[White "Cernousek, Lukas"]
[Black "Deuer, Marius"]
[Result "1-0"]
[WhiteElo "2463"]
[BlackElo "2136"]
[PlyCount "71"]
[EventDate "2020.08.08"]
[EventRounds "9"]
[EventCountry "CZE"]

1. c4 Nf6 2. Nc3 c5 3. g3 d5 4. cxd5 Nxd5 5. Bg2 Nc7 6. Qa4+ Bd7 7. Qc4 Nc6 8.
Qxc5 e5 9. Qe3 Ne6 10. d3 Ned4 11. Qd2 Nb4 12. Rb1 Bc6 13. Bxc6+ Nbxc6 14. a3
Qd7 15. b4 Rd8 16. Bb2 h5 17. e3 Ne6 18. Nf3 h4 19. b5 Na5 20. Nxe5 Qe7 21. Ne4
Nb3 22. Qc2 Nbc5 23. Nxc5 Nxc5 24. d4 Nd7 25. Nxd7 Qxd7 26. Qe4+ Be7 27. a4
hxg3 28. hxg3 Rxh1+ 29. Qxh1 Qf5 30. e4 Qg4 31. Rc1 Rc8 32. Rxc8+ Qxc8 33. Qh8+
Bf8 34. d5 Qg4 35. Kf1 f6 36. Ba3  1-0

[Event "Summer Prague Open 2020 - A"]
[Site "Olympik hotel, Sokolovska 138, Praha"]
[Date "2020.08.09"]
[Round "2"]
[Board "5"]
[White "Tabak, Stefan"]
[Black "Schnider, Gert"]
[Result "0-1"]
[WhiteElo "2142"]
[BlackElo "2427"]
[PlyCount "48"]
[EventDate "2020.08.08"]
[EventRounds "9"]
[EventCountry "CZE"]

1. e4 e5 2. d4 exd4 3. c3 Qe7 4. cxd4 Qxe4+ 5. Be3 Bb4+ 6. Nc3 Nf6 7. Nf3 Nd5
8. Qd2 Qe7 9. Bc4 Nxe3 10. fxe3 c6 11. O-O d5 12. Bd3 Nd7 13. Rae1 Nf6 14. e4
Nxe4 15. Bxe4 dxe4 16. Rxe4 Be6 17. Ng5 O-O 18. Rfe1 Rad8 19. Kh1 Qf6 20. h3
Bxa2 21. Re5 h6 22. Qe2 Rxd4 23. Nxa2 Bxe1 24. Nf3 Bg3  0-1

[Event "Summer Prague Open 2020 - A"]
[Site "Olympik hotel, Sokolovska 138, Praha"]
[Date "2020.08.09"]
[Round "2"]
[Board "6"]
[White "Roseneck, Jonas"]
[Black "Tirelli, Mauro"]
[Result "1-0"]
[WhiteElo "2416"]
[BlackElo "2129"]
[PlyCount "69"]
[EventDate "2020.08.08"]
[EventRounds "9"]
[EventCountry "CZE"]

1. e4 c5 2. Nf3 e6 3. d4 cxd4 4. Nxd4 Nf6 5. Nc3 Nc6 6. Nxc6 bxc6 7. e5 Nd5 8.
Ne4 Qc7 9. f4 Qb6 10. c4 Bb4+ 11. Ke2 f5 12. exf6 Nxf6 13. Be3 Qd8 14. Nd6+
Bxd6 15. Qxd6 Bb7 16. Rd1 Rc8 17. Rg1 c5 18. g4 Rc6 19. Qe5 O-O 20. g5 Nh5 21.
Bh3 d6 22. Qxe6+ Kh8 23. Rgf1 Rb6 24. b3 Ra6 25. Rd2 d5 26. Qe5 Re8 27. cxd5
Rxe5 28. fxe5 g6 29. Rf7 Qxd5 30. Rxd5 Bxd5 31. e6 Rxa2+ 32. Kd3 Rxh2 33. Rf8+
Kg7 34. e7 Bf7 35. Be6  1-0

[Event "Summer Prague Open 2020 - A"]
[Site "Olympik hotel, Sokolovska 138, Praha"]
[Date "2020.08.09"]
[Round "2"]
[Board "7"]
[White "Smolik, Jachym"]
[Black "Miedema, David"]
[Result "0-1"]
[WhiteElo "2121"]
[BlackElo "2382"]
[PlyCount "72"]
[EventDate "2020.08.08"]
[EventRounds "9"]
[EventCountry "CZE"]

1. e4 e6 2. d4 d5 3. Nd2 c5 4. exd5 exd5 5. dxc5 Bxc5 6. Nb3 Bb6 7. Nf3 Nf6 8.
Be2 O-O 9. O-O Nc6 10. Bg5 Re8 11. c3 Qd6 12. Nbd2 Bc7 13. Re1 Ne4 14. Nf1 Nxg5
15. Nxg5 Bf5 16. Nf3 Bb6 17. Qd2 Be4 18. Ng5 Qg6 19. Ng3 Re5 20. h4 h6 21. Bh5
Qf6 22. N5xe4 dxe4 23. Rxe4 Rxe4 24. Nxe4 Qxh4 25. Qd5 Rf8 26. g3 Qe7 27. Bf3
Ne5 28. Bg2 Rd8 29. Qb3 Nd3 30. Rd1 Rd7 31. Qc2 Qd8 32. Kf1 f5 33. Nd2 Nxf2 34.
Re1 Rxd2 35. Qb3+ Kh8 36. Qf7 Ne4  0-1

[Event "Summer Prague Open 2020 - A"]
[Site "Olympik hotel, Sokolovska 138, Praha"]
[Date "2020.08.09"]
[Round "2"]
[Board "8"]
[White "Hrabusa, Matej"]
[Black "Bullen, Alex"]
[Result "1-0"]
[WhiteElo "2350"]
[BlackElo "2116"]
[PlyCount "57"]
[EventDate "2020.08.08"]
[EventRounds "9"]
[EventCountry "CZE"]

1. Nf3 d5 2. g3 Nf6 3. Bg2 c6 4. b3 Bg4 5. Bb2 e6 6. O-O Nbd7 7. c4 Bd6 8. d3
O-O 9. h3 Bxf3 10. Bxf3 e5 11. cxd5 cxd5 12. Nc3 Nb6 13. a4 Bb4 14. Na2 Bd6 15.
a5 Nc8 16. b4 Re8 17. Bg2 Ne7 18. Qb3 Nc6 19. Rfc1 Qe7 20. a6 Nxb4 21. Nxb4
Bxb4 22. Bxe5 Qxe5 23. axb7 Rab8 24. Qxb4 Qxe2 25. Rxa7 Qxd3 26. Qf4 Nd7 27.
Rc8 Qb5 28. Ra8 g5 29. Rxe8+  1-0

[Event "Summer Prague Open 2020 - A"]
[Site "Olympik hotel, Sokolovska 138, Praha"]
[Date "2020.08.09"]
[Round "2"]
[Board "9"]
[White "Kaderabek, Jiri"]
[Black "Sorm, Daniel"]
[Result "1/2-1/2"]
[WhiteElo "2114"]
[BlackElo "2343"]
[PlyCount "82"]
[EventDate "2020.08.08"]
[EventRounds "9"]
[EventCountry "CZE"]

1. e4 c5 2. Nf3 Nc6 3. Bb5 d6 4. Bxc6+ bxc6 5. O-O e5 6. c3 Bg4 7. d4 cxd4 8.
cxd4 Bxf3 9. gxf3 exd4 10. Qxd4 Qf6 11. Be3 Qxd4 12. Bxd4 Nf6 13. Na3 Be7 14.
Rac1 Kd7 15. Rfd1 Rhc8 16. Rc2 Ke6 17. Nc4 Ne8 18. f4 g6 19. Re2 f6 20. Rd3 Kf7
21. Kg2 Nc7 22. Bc3 d5 23. Nd2 dxe4 24. Rxe4 Rd8 25. Rxd8 Rxd8 26. Ba5 Rd5 27.
Nb3 Ne6 28. Ra4 Nc5 29. Nxc5 Bxc5 30. Bc3 Bb6 31. Rc4 Rc5 32. Re4 Rf5 33. Rc4
c5 34. a4 a5 35. Re4 Rd5 36. Re2 Bc7 37. Re4 h5 38. Kf3 h4 39. h3 Bb6 40. Re2
c4 41. Re4 Rc5  1/2-1/2

[Event "Summer Prague Open 2020 - A"]
[Site "Olympik hotel, Sokolovska 138, Praha"]
[Date "2020.08.09"]
[Round "2"]
[Board "10"]
[White "Mica, Marek"]
[Black "Narr, Kevin"]
[Result "0-1"]
[WhiteElo "2315"]
[BlackElo "2110"]
[PlyCount "62"]
[EventDate "2020.08.08"]
[EventRounds "9"]
[EventCountry "CZE"]

1. d4 d5 2. Bf4 c5 3. e3 Nc6 4. c3 Bf5 5. Bd3 Bxd3 6. Qxd3 e6 7. Nd2 Nf6 8.
Ngf3 cxd4 9. exd4 Bd6 10. Bxd6 Qxd6 11. O-O O-O 12. Rfe1 Nd7 13. Ng5 Nf6 14.
Re2 h6 15. Ngf3 Nd7 16. Nb3 Qc7 17. g3 Rfc8 18. Nh4 Ne7 19. f4 Qb6 20. Kh1 g6
21. Rae1 Nf5 22. Nxf5 exf5 23. g4 fxg4 24. f5 Kg7 25. Re7 Nf8 26. Qg3 gxf5 27.
Qe5+ Qf6 28. Rxb7 Re8 29. Qxe8 Rxe8 30. Rxe8 Qa6 31. Rxf8 Qf1#  0-1

[Event "Summer Prague Open 2020 - A"]
[Site "Olympik hotel, Sokolovska 138, Praha"]
[Date "2020.08.09"]
[Round "2"]
[Board "11"]
[White "Marakovits, Nico"]
[Black "Biastoch, Bennet"]
[Result "1-0"]
[WhiteElo "2105"]
[BlackElo "2315"]
[PlyCount "163"]
[EventDate "2020.08.08"]
[EventRounds "9"]
[EventCountry "CZE"]

1. d4 d5 2. c4 c6 3. cxd5 cxd5 4. Bf4 Nf6 5. e3 Nc6 6. Nc3 a6 7. Nf3 Bg4 8. Be2
Bxf3 9. Bxf3 e6 10. O-O Bd6 11. Bxd6 Qxd6 12. a3 b5 13. b4 O-O 14. Qb3 Nd7 15.
Be2 Rfc8 16. Rfc1 Rab8 17. Nd1 Nb6 18. Nb2 Nc4 19. Nd3 Nd8 20. Nc5 Nb7 21. a4
g6 22. axb5 axb5 23. Ra7 Nxc5 24. bxc5 Qc6 25. Rca1 e5 26. R7a6 Qe8 27. Bf3
exd4 28. exd4 Nd2 29. Qxd5 b4 30. R6a2 Rd8 31. Qc6 Qxc6 32. Bxc6 Rxd4 33. Rb2
b3 34. Bf3 Nc4 35. Rbb1 b2 36. Ra2 Rd2 37. c6 Rc2 38. Bd1 Rc1 39. c7 Rxd1+ 40.
Rxd1 b1=Q 41. c8=Q+ Kg7 42. Qd8 Qxa2 43. Qxb8 h5 44. Qf4 Qe2 45. Qd4+ Kh7 46.
h3 Ne5 47. Rb1 Qd3 48. Qb4 Qf5 49. Qb3 Qd3 50. Qb8 Qe4 51. Ra1 Qf4 52. Qb3 Qe4
53. Qc3 Nd3 54. Qf6 Qf4 55. Qb6 Qe5 56. Ra7 Qe1+ 57. Kh2 Qe5+ 58. g3 Qd5 59.
Qb7 Qxb7 60. Rxb7 Kg7 61. Kg2 Nc5 62. Rb5 Ne6 63. f3 Kf6 64. h4 Nd4 65. Rd5 Nf5
66. Kh3 Ke6 67. Ra5 Nd4 68. Ra3 Nf5 69. g4 Ng7 70. Ra6+ Ke5 71. Kg3 hxg4 72.
fxg4 Ne6 73. g5 Ng7 74. Kg4 Nh5 75. Rb6 Kd5 76. Rb8 Ke6 77. Re8+ Kd7 78. Rh8
f5+ 79. Kf3 Ke7 80. Rh7+ Ke6 81. Rxh5 gxh5 82. Kf4  1-0

[Event "Summer Prague Open 2020 - A"]
[Site "Olympik hotel, Sokolovska 138, Praha"]
[Date "2020.08.09"]
[Round "2"]
[Board "12"]
[White "Malassagne, Raphael"]
[Black "Hurtak, Otto"]
[Result "1-0"]
[WhiteElo "2305"]
[BlackElo "2100"]
[PlyCount "153"]
[EventDate "2020.08.08"]
[EventRounds "9"]
[EventCountry "CZE"]

1. d4 d5 2. Bf4 c5 3. e3 cxd4 4. exd4 Nc6 5. c3 f6 6. Bd3 e5 7. Qh5+ g6 8.
Bxg6+ hxg6 9. Qxh8 exf4 10. Qxg8 Bf5 11. Ne2 Qd7 12. Nxf4 O-O-O 13. O-O Bd6 14.
Qxd5 g5 15. g3 gxf4 16. Nd2 Qh7 17. Rae1 Kb8 18. Re8 Rxe8 19. Qxd6+ Qc7 20.
Qxf6 Bh3 21. Rc1 fxg3 22. hxg3 Qh7 23. Nf3 Rh8 24. Re1 Be6 25. Nh4 Bxa2 26. d5
Nd8 27. Re7 Qb1+ 28. Kh2 Bxd5 29. Qd6+ Ka8 30. Qxd5 Qxb2 31. Qc5 Nc6 32. Rf7 a5
33. Kg2 a4 34. Ng6 Re8 35. Rf4 Qb3 36. Qc4 Kb8 37. Qxa4 Qxc3 38. Rf7 Qd3 39.
Qf4+ Ka8 40. Qa4+ Kb8 41. Qf4+ Ka8 42. Qf5 Qb3 43. Nf4 Ne5 44. Rf8 Qf3+ 45. Kg1
Qc6 46. Rxe8+ Qxe8 47. Qe6 Qb5 48. Kg2 Qc5 49. Nd5 Qd4 50. Nc7+ Kb8 51. Qd5
Qxd5+ 52. Nxd5 b5 53. f4 Nc6 54. Kf3 Kc8 55. Ke4 Kd7 56. g4 b4 57. Kd3 Kd6 58.
Ne3 Kc5 59. g5 b3 60. Nd1 Kd5 61. Nc3+ Ke6 62. Ke4 Ne7 63. Na4 Kf7 64. f5 Nc6
65. Nb2 Ne7 66. Nd3 Nc6 67. Nb2 Ne7 68. Nc4 Nc6 69. Kd5 Nb4+ 70. Kd4 Nc6+ 71.
Kc3 Ne7 72. Ne5+ Kf8 73. f6 Nd5+ 74. Kxb3 Nc7 75. Kc4 Ne6 76. g6 Nf4 77. Nd7+
 1-0

[Event "Summer Prague Open 2020 - A"]
[Site "Olympik hotel, Sokolovska 138, Praha"]
[Date "2020.08.09"]
[Round "2"]
[Board "13"]
[White "Balint, Peter"]
[Black "Serrano Salvador, Eduardo"]
[Result "1-0"]
[WhiteElo "2099"]
[BlackElo "2299"]
[PlyCount "71"]
[EventDate "2020.08.08"]
[EventRounds "9"]
[EventCountry "CZE"]

1. e4 c5 2. Nf3 e6 3. d4 cxd4 4. Nxd4 Nc6 5. Nc3 Qc7 6. Be3 a6 7. Qf3 Nf6 8.
O-O-O Nxd4 9. Bxd4 e5 10. Be3 d6 11. Bg5 Bg4 12. Nd5 Nxd5 13. Qxg4 Nb4 14. c3
Rc8 15. Kb1 Nc6 16. Bc4 Na5 17. Bxf7+ Kxf7 18. Qf5+ Ke8 19. Qe6+ Be7 20. Bxe7
Qd7 21. Qxd7+ Kxd7 22. Bxd6 Ke6 23. f4 Nc4 24. fxe5 Ne3 25. Rd2 Rc4 26. Re1 Ng4
27. h3 Nh6 28. Rd4 Rc6 29. Bb4 Nf7 30. Red1 Re8 31. Rd7 b5 32. Ra7 Nxe5 33.
Rxg7 h6 34. Rh7 Nf7 35. Rf1 Rc7 36. e5  1-0

[Event "Summer Prague Open 2020 - A"]
[Site "Olympik hotel, Sokolovska 138, Praha"]
[Date "2020.08.09"]
[Round "2"]
[Board "14"]
[White "Bakiev, Diyor"]
[Black "Froeyman, Helmut"]
[Result "1/2-1/2"]
[WhiteElo "2098"]
[BlackElo "2281"]
[PlyCount "65"]
[EventDate "2020.08.08"]
[EventRounds "9"]
[EventCountry "CZE"]

1. e4 e5 2. Nf3 Nc6 3. Bb5 a6 4. Ba4 Nf6 5. Qe2 b5 6. Bb3 Be7 7. O-O O-O 8. c3
d6 9. Rd1 Na5 10. Bc2 c5 11. d3 Re8 12. Nbd2 Bf8 13. Nf1 h6 14. h3 d5 15. g4
Nc6 16. Ng3 d4 17. Kh2 a5 18. a4 dxc3 19. axb5 Nd4 20. Nxd4 cxb2 21. Bxb2 exd4
22. Bc1 Bd7 23. Ba4 Nd5 24. Bd2 Bd6 25. Qf3 Nb4 26. Kg2 Qb6 27. Nf5 Be5 28. Bf4
Bxb5 29. Bxb5 Qxb5 30. Bxe5 Rxe5 31. Nd6 Qd7 32. Nc4 Re6 33. Rxa5  1/2-1/2

[Event "Summer Prague Open 2020 - A"]
[Site "Olympik hotel, Sokolovska 138, Praha"]
[Date "2020.08.09"]
[Round "2"]
[Board "15"]
[White "Mladek, Richard"]
[Black "Hagner, Bennet"]
[Result "1-0"]
[WhiteElo "2280"]
[BlackElo "2096"]
[PlyCount "69"]
[EventDate "2020.08.08"]
[EventRounds "9"]
[EventCountry "CZE"]

1. e4 e5 2. Nf3 Nc6 3. Bb5 a6 4. Ba4 Nf6 5. O-O Be7 6. Re1 b5 7. Bb3 d6 8. c3
O-O 9. h3 Bb7 10. d4 Re8 11. Ng5 Rf8 12. Nf3 Re8 13. Nbd2 Bf8 14. Bc2 g6 15. a4
exd4 16. cxd4 Nb4 17. Bb1 c5 18. d5 Nd7 19. Qb3 Qa5 20. Ra3 Nb6 21. axb5 Qxb5
22. Nf1 Bg7 23. Ne3 a5 24. Qd1 Ba6 25. Nd2 c4 26. b3 cxb3 27. Nxb3 a4 28. Nd4
Qc5 29. Bb2 Reb8 30. Qd2 Qa5 31. Nb3 Qb5 32. Bxg7 Kxg7 33. Nd4 Qa5 34. Nef5+
Kh8 35. Nb3  1-0

[Event "Summer Prague Open 2020 - A"]
[Site "Olympik hotel, Sokolovska 138, Praha"]
[Date "2020.08.09"]
[Round "2"]
[Board "16"]
[White "Toman, Jan"]
[Black "Csiki, Endre"]
[Result "1/2-1/2"]
[WhiteElo "2085"]
[BlackElo "2279"]
[PlyCount "58"]
[EventDate "2020.08.08"]
[EventRounds "9"]
[EventCountry "CZE"]

1. d4 Nf6 2. c4 g6 3. Nc3 d5 4. cxd5 Nxd5 5. Bd2 Bg7 6. e4 Nxc3 7. Bxc3 O-O 8.
Nf3 Bg4 9. Be2 c5 10. d5 e6 11. O-O exd5 12. exd5 Qd6 13. Qb3 b6 14. h3 Bxf3
15. Bxf3 Nd7 16. a4 Rab8 17. Rfe1 Ne5 18. Be2 Rfd8 19. Rad1 Nd7 20. Bb5 Bxc3
21. bxc3 Rbc8 22. Re6 Qf4 23. Re7 Nf6 24. c4 Rc7 25. Rde1 Rxe7 26. Rxe7 a6 27.
Bxa6 Re8 28. Rxe8+ Nxe8 29. Qxb6 Qc1+  1/2-1/2

[Event "Summer Prague Open 2020 - A"]
[Site "Olympik hotel, Sokolovska 138, Praha"]
[Date "2020.08.09"]
[Round "2"]
[Board "17"]
[White "Cap, Adam"]
[Black "Mitrandzas, Athanasios"]
[Result "1-0"]
[WhiteElo "2278"]
[BlackElo "2076"]
[PlyCount "59"]
[EventDate "2020.08.08"]
[EventRounds "9"]
[EventCountry "CZE"]

1. e4 c5 2. Nf3 e6 3. d4 cxd4 4. Nxd4 Nf6 5. Nc3 d6 6. Be2 Be7 7. O-O O-O 8. f4
Nc6 9. Nb3 Qb6+ 10. Kh1 Bd7 11. Bf3 Na5 12. e5 Ne8 13. Nxa5 Qxa5 14. Bxb7 Rd8
15. Qe2 dxe5 16. fxe5 Nc7 17. Be4 Bb4 18. Bg5 f6 19. Qh5 f5 20. Bxd8 Rxd8 21.
Rad1 Be7 22. Qf3 Qb4 23. Bc6 Bc8 24. Rxd8+ Bxd8 25. Rd1 Be7 26. Qe3 Qa5 27. b4
Qxb4 28. Qxa7 Na6 29. Bb5 Nb8 30. Qxb8  1-0

[Event "Summer Prague Open 2020 - A"]
[Site "Olympik hotel, Sokolovska 138, Praha"]
[Date "2020.08.09"]
[Round "2"]
[Board "18"]
[White "Rudiano, Nicolas"]
[Black "Mirimanian, Hayk"]
[Result "0-1"]
[WhiteElo "2077"]
[BlackElo "2268"]
[PlyCount "62"]
[EventDate "2020.08.08"]
[EventRounds "9"]
[EventCountry "CZE"]

1. e4 c5 2. Nf3 e6 3. d4 cxd4 4. Nxd4 Nf6 5. Nc3 Nc6 6. Be2 Qc7 7. O-O a6 8.
Be3 Bb4 9. Nxc6 bxc6 10. Na4 Rb8 11. c4 Be7 12. c5 d5 13. exd5 Nxd5 14. Bd2 O-O
15. Qc2 e5 16. Rfe1 f5 17. Bc4 Kh8 18. Rad1 Bf6 19. a3 e4 20. Bxd5 cxd5 21. Bc3
Be6 22. b4 Rbd8 23. Bxf6 Rxf6 24. Qc3 Rh6 25. g3 f4 26. Qd4 Bg4 27. Rd2 Bf3 28.
Nc3 Rxh2 29. Kxh2 Qc6 30. gxf4 Qh6+ 31. Kg3 Qg6+  0-1

[Event "Summer Prague Open 2020 - A"]
[Site "Olympik hotel, Sokolovska 138, Praha"]
[Date "2020.08.09"]
[Round "2"]
[Board "19"]
[White "Pribylova, Sofie"]
[Black "Slampa, Jan"]
[Result "0-1"]
[WhiteElo "2073"]
[BlackElo "2264"]
[PlyCount "112"]
[EventDate "2020.08.08"]
[EventRounds "9"]
[EventCountry "CZE"]

1. c4 Nf6 2. g3 g6 3. Bg2 Bg7 4. Nc3 d6 5. e4 c5 6. Nge2 O-O 7. O-O Nc6 8. d3
a6 9. h3 Rb8 10. a4 Ne8 11. Be3 Nc7 12. d4 cxd4 13. Nxd4 Bd7 14. Kh2 Ne6 15.
Nde2 Nc5 16. Rb1 Nb4 17. b3 Qc8 18. Nd4 Ne6 19. Rc1 Nxd4 20. Bxd4 Bxd4 21. Qxd4
Qc5 22. Rfd1 Qxd4 23. Rxd4 Nc6 24. Rd2 Na5 25. Rb1 b5 26. axb5 axb5 27. Ra2 b4
28. Nd5 Nc6 29. Ra6 Kg7 30. f4 Rfd8 31. g4 e5 32. f5 g5 33. h4 gxh4 34. Kh3 Be8
35. g5 Nd4 36. Nc7 Bc6 37. Kxh4 Nxf5+ 38. exf5 Bxg2 39. Rd1 Rbc8 40. Nd5 Bf3
41. Rd2 Ra8 42. f6+ Kf8 43. Rxa8 Rxa8 44. Nxb4 Rd8 45. Kg3 Be4 46. Kf2 Ke8 47.
Ke3 Ba8 48. Nd5 Kd7 49. Nb6+ Ke6 50. b4 Bb7 51. b5 Rg8 52. Nd5 Rxg5 53. Nc7+
Kd7 54. Nd5 Rg3+ 55. Ke4 Ke6 56. Rh2 Rc3  0-1

[Event "Summer Prague Open 2020 - A"]
[Site "Olympik hotel, Sokolovska 138, Praha"]
[Date "2020.08.09"]
[Round "2"]
[Board "20"]
[White "Dietz, Florian"]
[Black "Plesek, Jiri"]
[Result "1-0"]
[WhiteElo "2262"]
[BlackElo "2069"]
[PlyCount "65"]
[EventDate "2020.08.08"]
[EventRounds "9"]
[EventCountry "CZE"]

1. e4 c6 2. d4 d5 3. e5 c5 4. dxc5 e6 5. a3 Nc6 6. Nf3 Qc7 7. Be2 Nxe5 8. Nxe5
Qxe5 9. Be3 Nf6 10. O-O Qc7 11. b4 Be7 12. c4 O-O 13. Nc3 Rd8 14. cxd5 Nxd5 15.
Nxd5 Rxd5 16. Qb3 a6 17. Bf3 Rd8 18. Rfd1 Bd7 19. Ra2 Bc6 20. Bxc6 bxc6 21.
Rad2 Rd5 22. Qc4 a5 23. Rxd5 exd5 24. Qg4 axb4 25. axb4 Bf6 26. h4 h5 27. Qxh5
d4 28. Bxd4 Qf4 29. Bxf6 gxf6 30. Qf3 Qxh4 31. Qxc6 Ra2 32. Qf3 Qxb4 33. Rd8+
 1-0

[Event "Summer Prague Open 2020 - A"]
[Site "Olympik hotel, Sokolovska 138, Praha"]
[Date "2020.08.09"]
[Round "2"]
[Board "21"]
[White "Kasioumis, Vasilios"]
[Black "Molkanov, Oleg"]
[Result "1-0"]
[WhiteElo "2257"]
[BlackElo "2066"]
[PlyCount "95"]
[EventDate "2020.08.08"]
[EventRounds "9"]
[EventCountry "CZE"]

1. e4 c6 2. Nf3 d5 3. Nc3 Nf6 4. e5 Ne4 5. Ne2 e6 6. d3 Nc5 7. d4 Ncd7 8. c3 c5
9. a3 c4 10. Bg5 f6 11. exf6 gxf6 12. Bh4 Bh6 13. Ne5 O-O 14. Ng4 Bg7 15. Nf4
Qe8 16. Be2 Kh8 17. O-O Nc6 18. Ne3 Qf7 19. Bh5 Qg8 20. Qf3 f5 21. Qh3 Bh6 22.
Bg3 Nf6 23. Rfe1 Bd7 24. Nf1 Qg5 25. Re2 Nxh5 26. Qxh5 Qxh5 27. Nxh5 Bg5 28.
Bd6 Rg8 29. Nf4 Bxf4 30. Bxf4 Kg7 31. g3 Kf7 32. Bd6 b5 33. Ne3 a5 34. Ng2 b4
35. Nf4 Rge8 36. Rae1 Ra7 37. Bc5 Rb7 38. axb4 axb4 39. Ra1 bxc3 40. bxc3 Rb3
41. Re3 Reb8 42. Ra6 Re8 43. Kg2 Rb5 44. Bd6 Rb2 45. h3 Nd8 46. Kf3 Rg8 47. Bb4
Re8 48. Ra7  1-0

[Event "Summer Prague Open 2020 - A"]
[Site "Olympik hotel, Sokolovska 138, Praha"]
[Date "2020.08.09"]
[Round "2"]
[Board "22"]
[White "Llopis de Aysa, Manuel"]
[Black "Svanda, Ondrej"]
[Result "0-1"]
[WhiteElo "2067"]
[BlackElo "2250"]
[PlyCount "54"]
[EventDate "2020.08.08"]
[EventRounds "9"]
[EventCountry "CZE"]

1. d4 Nf6 2. Nf3 g6 3. c4 Bg7 4. Nc3 d5 5. Bg5 Ne4 6. Bf4 Nxc3 7. bxc3 c5 8.
cxd5 Qxd5 9. e3 cxd4 10. cxd4 Nc6 11. Be2 O-O 12. O-O Bf5 13. Qa4 Rfc8 14. Rfc1
a6 15. Bc4 Qd7 16. Qb3 e6 17. Qb6 h6 18. h3 g5 19. Bg3 Bf6 20. a3 Bd8 21. Qb2
b5 22. Ba2 Bf6 23. Nd2 Nxd4 24. exd4 Bxd4 25. Qb4 a5 26. Qd6 Qxd6 27. Bxd6 Bxa1
 0-1

[Event "Summer Prague Open 2020 - A"]
[Site "Olympik hotel, Sokolovska 138, Praha"]
[Date "2020.08.09"]
[Round "2"]
[Board "23"]
[White "Kusa, Jakub"]
[Black "Lipinsky, Markus"]
[Result "1-0"]
[WhiteElo "2239"]
[BlackElo "2062"]
[PlyCount "69"]
[EventDate "2020.08.08"]
[EventRounds "9"]
[EventCountry "CZE"]

1. e4 c5 2. Nf3 e6 3. d4 cxd4 4. Nxd4 a6 5. c4 Nf6 6. Nc3 Bb4 7. Qd3 d6 8. f3
Nbd7 9. Be3 Ne5 10. Qd2 Qc7 11. a3 Bc5 12. Be2 O-O 13. O-O Bd7 14. Rac1 Rac8
15. Rfd1 Rfd8 16. Nc2 Be8 17. b4 Bb6 18. Kh1 h6 19. Bf1 d5 20. exd5 exd5 21.
Bxb6 Qxb6 22. cxd5 Rc7 23. Ne3 Bc6 24. Qe1 Be8 25. Nf5 Ng6 26. d6 Rcd7 27. Na4
Qa7 28. Nc5 b5 29. Nxd7 Qxd7 30. Ne7+ Kh7 31. Nxg6 fxg6 32. Rc7 Qf5 33. Bd3 Qh5
34. Rc5 Nd5 35. Rxd5  1-0